Analýza a modelovanie zamestnanosti v SR

Vplyv aktuálnych trendov a reforiem na zamestnanosť v národnom hospodárstve Slovenskej republiky. Charakteristika vybraných indikátorov trhu práce. Analýza vývoja trhu práce od počiatku transformačného procesu až po súčasnosť. Prognóza dynamiky vývoja počtu zamestnaných do roku 2009 pomocou odhadnut...

Description complète

Enregistré dans:
Détails bibliographiques
Auteur principal: Domonkos, Tomáš
Format: Chapitre de livre
Langue:slovaque
Sujets:
Tags: Ajouter un tag
Pas de tags, Soyez le premier à ajouter un tag!

MARC

LEADER 00000nla$a2200000$$$4500
001 0057535
005 20240502083140.1
041 0 |a slo 
044 |a CZ 
245 1 0 |a Analýza a modelovanie zamestnanosti v SR  |c Tomáš Domonkos 
520 |a Vplyv aktuálnych trendov a reforiem na zamestnanosť v národnom hospodárstve Slovenskej republiky. Charakteristika vybraných indikátorov trhu práce. Analýza vývoja trhu práce od počiatku transformačného procesu až po súčasnosť. Prognóza dynamiky vývoja počtu zamestnaných do roku 2009 pomocou odhadnutého ekonometrického mini modelu, ktorý je metodologicky založený na princípoch modelov s členom korigujúcim chybu (ECM - error correction models). 
610 2 0 |a trh práce 
610 2 0 |a zamestnanosť 
610 2 0 |a nezamestnanosť 
610 2 0 |a modelovanie ekonometrické 
610 2 0 |a rady časové 
610 2 0 |a prognózy 
610 2 0 |a Slovensko 
100 1 |a Domonkos, Tomáš